Development and Application of the Finite Element Method based on MATLAB /

Gespeichert in:
Bibliographische Detailangaben
1. Verfasser: Baaser, Herbert (Verfasst von)
Format: Buch
Sprache:Englisch
Veröffentlicht: Berlin Springer 2010
Schlagworte:
Tags: Tag hinzufügen
Keine Tags, Fügen Sie das erste Tag hinzu!

MARC

LEADER 00000nam a22000003a 4500
001 0024869
003 SK-STU
005 20170628122736.7
007 ta
008 170628s ----xo-----e------000-0-----d
020 |a 978-3-642-13152-3 
040 |a STU  |b slo 
041 0 |a eng 
044 |a gw 
100 1 |a Baaser, Herbert  |4 aut 
245 1 0 |a Development and Application of the Finite Element Method based on MATLAB /  |c aut. Herbert Baaser 
260 |a Berlin  |b Springer  |c 2010 
300 |a 64 s. 
650 0 7 |a MATLAB 
650 0 7 |a metóda konečných prvkov 
996 |b 284M087274  |c M* 13952-1  |l MMKN  |s A  |a 24  |w 0024869_0001